Longs Métrages d'animation par extraits en 20 clics #6 - Statistiques

Statistiques générales
  • Ce quiz a été pris 92 fois
  • Le résultat moyen est 15 sur 20
Statistiques - réponses
Hint Réponse % Correct
Le Monde de Dory
95%
L'Âge de glace
94%
Les Tortues Ninja : Chaos chez les mutants
94%
Bee Movie : Drôle d'abeille
90%
Batman : La Mystérieuse Batwoman
89%
Rio
89%
Un monstre à Paris
87%
Hansel and Gretel : An Opera Fantasy
82%
Megamind
82%
Les Contes de ma mère l'Oye
78%
Rudolph, the Red-Nosed Reindeer
75%
Batman Ninja
67%
Les Bad Guys
67%
Dofus, livre 1 : Julith
66%
Krypto et les Super-Animaux
66%
Les Zévadés de l'espace
55%
One Piece : Film Z
54%
Highlander : Soif de vengeance
53%
Milo sur Mars
48%
Ratchet et Clank
43%
Aucun quiz correspondant
Distribution des résultats
% des personnes avec chaque résultat
Percentile par nombre de réponses
Votre historique - résultats
Vous n’avez pas pris ce quiz